000 00500nam a2200169Ia 4500
999 _c9702
_d9702
003 OSt
005 20191227140202.0
008 190216s9999||||xx |||||||||||||| ||und||
040 _coclc
082 _a338.10954
_bDES/S
100 _aDesai, Vasant
_9846
245 0 _aStudy Of Rural Economics /
_cVasant Desai
260 _bHimalaya Publishing House,
_c1983.
_aNew Delhi:
300 _a712p
650 _aRural Economics
942 _cBK
_2ddc
_h338.10954
_iDES/S
_k338.10954
_mDES/S